Statistics for Famous americans in history #1

Click here to take the quiz!

General Stats

  • This quiz has been taken 61 times
  • The average score is 8 of 10

Answer Stats

HintAnswer% Correct
He gave the " I have a dream " speechMartin Luther King Jr.
100%
President known for ending slaveryAbraham Lincoln
98%
She wouldn't give up her seat on the busRosa Parks
96%
the " King of rock and roll " in the 1950's and 60'sElvis Presley
86%
He primarily played basketball in the 1990's, and is thot of to be the greatest of all timeMichael Jordan
84%
President who authorized dropping the atomic bomb on Japan, twiceHarry Truman
75%
She was an abolitionist and social activist who rescued about 70 enslaved people, during the American Civil WarHarriet Tubman
61%
Famous singer, songwriter, dancer, and philanthropist, who died in 2009Michael Jackson
53%
Only president who was shot during a speech, and continued it for 84 minutesTheodore Roosevelt
53%
This famous serial killer and *** offender, was known as the Milwaukee cannibalJeffrey Dahmer
45%

Score Distribution

Percentile by Number Answered

Percent of People with Each Score

Your Score History

You have not taken this quiz